00435nam a2200133Ia 4500008004100000020001500041041001200056082002400068100003500092245007600127260002700203300001700230650005400247231217s9999 xx 000 0 und d a8189333046 aEnglish a658.3125 KAM2;1 R aKambhammettu, Shyam Sunder ed. 0aBusiness performance measurement : intellectual capital-valuaton models c2005bIcfaiaHyderabad aviii, 197+A7 aBusiness,performance,measurement,capital-valuaton